[Event "4NCL Online Division 2"]
[Site "online"]
[Date "2020.04.21"]
[Round "3.121"]
[White "Fraser-Mitchell, Jeremy N"]
[Black "Twine, David"]
[Result "0-1"]
[WhiteElo "2058"]
[BlackElo "2072"]
[PlyCount "65"]
[EventDate "2020.04.21"]
[WhiteTeam "St Albans 1"]
[BlackTeam "Plymouth"]

1. d4 Nf6 2. c4 g6 3. Nc3 Bg7 4. e4 d6 5. f3 O-O 6. Bg5 c5 7. d5 e6 8. Qd2 exd5
9. cxd5 a6 10. a4 h6 11. Be3 Nbd7 12. Nh3 h5 13. Be2 Ne5 14. Nf2 Bd7 15. O-O
Nh7 16. f4 Ng4 17. Nxg4 hxg4 18. g3 f5 19. e5 dxe5 20. fxe5 Bxe5 21. Bxc5 Re8
22. Qh6 Qg5 23. Qxg5 Nxg5 24. Bd1 Rac8 25. Bb6 Bxc3 26. bxc3 Rxc3 27. Rb1 Rd3
28. Ba5 b5 29. Bc2 Rde3 30. axb5 Bxb5 31. Rfd1 Nf3+ 32. Kf2 Re2+ 33. Kf1 0-1

[Event "4NCL Online Division 2"]
[Site "online"]
[Date "2020.04.21"]
[Round "3.122"]
[White "Pollock, Richard M"]
[Black "Gooding, Ian"]
[Result "1-0"]
[WhiteElo "2072"]
[BlackElo "2080"]
[PlyCount "51"]
[EventDate "2020.04.21"]
[WhiteTeam "Plymouth"]
[BlackTeam "St Albans 1"]

1. e4 e6 2. d3 d5 3. Nd2 Nf6 4. Ngf3 Bc5 5. Nb3 Bb6 6. e5 Nfd7 7. d4 c5 8. c3
Nc6 9. Be2 cxd4 10. cxd4 f6 11. exf6 Nxf6 12. O-O Bd7 13. Bf4 O-O 14. Bd6 Re8
15. Bd3 a5 16. Rc1 Nb4 17. Bxb4 axb4 18. Bb1 Ba4 19. Qd3 Qd7 20. Rfe1 Bb5 21.
Qd2 Ra4 22. Nc5 Bxc5 23. Rxc5 b6 24. Ne5 Qd6 25. Rxb5 Rc8 26. b3 1-0

[Event "4NCL Online Division 2"]
[Site "online"]
[Date "2020.04.21"]
[Round "3.123"]
[White "Collopy, Robert"]
[Black "Brooks, Paul"]
[Result "1-0"]
[WhiteElo "2012"]
[BlackElo "1907"]
[PlyCount "59"]
[EventDate "2020.04.21"]
[WhiteTeam "St Albans 1"]
[BlackTeam "Plymouth"]

1. d4 e6 2. c4 f5 3. Nf3 Nf6 4. Nc3 Bb4 5. Qb3 Bxc3+ 6. Qxc3 b6 7. g3 Bb7 8.
Bg2 Ne4 9. Qc2 O-O 10. O-O Nc6 11. a3 a5 12. b3 Qe7 13. d5 exd5 14. cxd5 Ne5
15. Qxc7 Nxf3+ 16. exf3 Nc5 17. Qxb6 Bxd5 18. Bf4 Ra6 19. Qb5 Bc6 20. Qc4+ d5
21. Qc3 Rd8 22. Rfe1 Qf8 23. Bg5 Re8 24. Rxe8 Bxe8 25. Re1 Ne6 26. f4 Qd6 27.
Qc8 Kf7 28. Qb7+ Bd7 29. Bxd5 Rb6 30. Rxe6 1-0

[Event "4NCL Online Division 2"]
[Site "online"]
[Date "2020.04.21"]
[Round "3.124"]
[White "O'brien, Megan E"]
[Black "Gemmell, John"]
[Result "1-0"]
[WhiteElo "1825"]
[BlackElo "1930"]
[PlyCount "89"]
[EventDate "2020.04.21"]
[WhiteTeam "Plymouth"]
[BlackTeam "St Albans 1"]

1. d4 Nf6 2. c4 e5 3. dxe5 Ng4 4. e4 Nxe5 5. Nh3 Nbc6 6. Be2 d6 7. Nf4 g6 8.
Bd2 Bg7 9. Bc3 O-O 10. Nd2 Be6 11. Qc2 f5 12. Nxe6 Qe7 13. Nxf8 Rxf8 14. O-O-O
a5 15. f4 Nb4 16. Bxb4 axb4 17. fxe5 Qxe5 18. Nf3 Qa5 19. c5 Kh8 20. Kb1 fxe4
21. Ng5 dxc5 22. Qc4 h6 23. Ne6 Ra8 24. Rd8+ Rxd8 25. Nxd8 c6 26. Nf7+ Kh7 27.
Rd1 Qc7 28. Bg4 b5 29. Qe6 Qxh2 30. Qxe4 Qg3 31. Bh5 c4 32. Bxg6+ Qxg6 33.
Qxg6+ Kxg6 34. Nd8 c3 35. Nxc6 b3 36. axb3 cxb2 37. Rd6+ Kg5 38. Rd5+ Kf4 39.
Rxb5 Kg3 40. Rb7 Bc3 41. b4 Kxg2 42. b5 Kg3 43. Rh7 Kg4 44. b6 h5 45. b7 1-0

[Event "4NCL Online Division 2"]
[Site "online"]
[Date "2020.04.21"]
[Round "3.131"]
[White "Ryan, Joseph"]
[Black "Gayson, Peter M"]
[Result "0-1"]
[WhiteElo "2271"]
[BlackElo "2150"]
[PlyCount "114"]
[EventDate "2020.04.21"]
[WhiteTeam "St Benildus A"]
[BlackTeam "Chessable White Rose 2"]

1. e4 c5 2. Nf3 e6 3. Nc3 d5 4. Bb5+ Nc6 5. O-O Nf6 6. d3 Be7 7. e5 Nd7 8. Bxc6
bxc6 9. Na4 O-O 10. c4 Rb8 11. Qe2 Qc7 12. b3 Ba6 13. Re1 Rfd8 14. Bf4 Bf8 15.
g3 h6 16. h4 Nb6 17. Nc3 Be7 18. Kg2 Bc8 19. Nh2 a5 20. a4 Nd7 21. Rab1 Bf8 22.
Qg4 Kh8 23. Qh5 Kg8 24. Ne2 Re8 25. Ng1 Ba6 26. Qe2 Kh8 27. Ngf3 Kg8 28. Ng4
Kh8 29. Rh1 Kg8 30. Qe3 Kh7 31. h5 Rb7 32. Nd2 Reb8 33. Rhc1 Qd8 34. Nh2 Qc7
35. Nhf3 Be7 36. g4 Kg8 37. Bg3 Qd8 38. Bf4 Rb4 39. Rc2 R8b7 40. Rh1 Nf8 41.
Rcc1 Nh7 42. Rcg1 Ng5 43. Nxg5 hxg5 44. Bg3 dxc4 45. dxc4 Rd7 46. Ne4 Rd3 47.
Qe2 Rbxb3 48. Nd6 Bxd6 49. exd6 Bxc4 50. Qe5 Bd5+ 51. Kh2 Bxh1 52. h6 Qf6 53.
Rxh1 Qxe5 54. Bxe5 Rh3+ 55. Kg2 Rxh1 56. Kxh1 gxh6 57. Bf6 Rd3 0-1

[Event "4NCL Online Division 2"]
[Site "online"]
[Date "2020.04.21"]
[Round "3.132"]
[White "Wills, Tom"]
[Black "Venkatesan, Kavin"]
[Result "1/2-1/2"]
[WhiteElo "1967"]
[BlackElo "1971"]
[PlyCount "92"]
[EventDate "2020.04.21"]
[WhiteTeam "Chessable White Rose 2"]
[BlackTeam "St Benildus A"]

1. e4 c5 2. Nf3 a6 3. c3 d5 4. exd5 Nf6 5. d4 cxd4 6. c4 e6 7. dxe6 Bxe6 8.
Qxd4 Nc6 9. Qxd8+ Rxd8 10. a3 Bc5 11. Be2 Ne4 12. O-O Nxf2 13. b4 Ba7 14. c5
Ne4 15. Bb2 O-O 16. Nc3 Nd2 17. Rfd1 Nb3 18. Rxd8 Rxd8 19. Rd1 Rxd1+ 20. Bxd1
b6 21. cxb6 Bxb6+ 22. Kf1 f6 23. Be2 Nb8 24. Nb1 Kf7 25. Nbd2 Nxd2+ 26. Nxd2
Ke7 27. Bd3 h6 28. Ke2 Bg4+ 29. Nf3 a5 30. b5 Nd7 31. h3 Be6 32. Nd4 a4 33. Bc2
Bc4+ 34. Bd3 Bxd3+ 35. Kxd3 Ne5+ 36. Kc3 Kd6 37. Nf5+ Kd5 38. Nxg7 Bd4+ 39. Kc2
Bxb2 40. Kxb2 Nc4+ 41. Kc3 Kc5 42. Ne6+ Kxb5 43. Nd4+ Kc5 44. Ne6+ Kb5 45. Nc7+
Kc5 46. Ne6+ Kb5 1/2-1/2

[Event "4NCL Online Division 2"]
[Site "online"]
[Date "2020.04.21"]
[Round "3.133"]
[White "McHugh, Kevin"]
[Black "Edwards-Wright, Miles D"]
[Result "1/2-1/2"]
[WhiteElo "2013"]
[BlackElo "1915"]
[PlyCount "128"]
[EventDate "2020.04.21"]
[WhiteTeam "St Benildus A"]
[BlackTeam "Chessable White Rose 2"]

1. e4 g6 2. d4 Bg7 3. Nf3 d6 4. Bd3 a6 5. c3 b5 6. O-O Bb7 7. Re1 Nd7 8. Nbd2
c5 9. Nf1 Ngf6 10. e5 dxe5 11. dxe5 Ng4 12. e6 Nde5 13. exf7+ Kf8 14. Nxe5 Nxe5
15. Bc2 Qxd1 16. Rxd1 Kxf7 17. Be3 c4 18. Bd4 Rhd8 19. f4 Nd7 20. Bxg7 Kxg7 21.
Re1 Kf7 22. Ne3 e5 23. fxe5 Nxe5 24. Rad1 Rab8 25. Kf2 h5 26. Rxd8 Rxd8 27. Ke2
Bc6 28. Rd1 Rxd1 29. Kxd1 h4 30. Kd2 Ke6 31. Ke2 Kf6 32. Kf2 a5 33. a3 Kg5 34.
Ke2 a4 35. Kf2 Kf6 36. Ke2 Bb7 37. Kf2 Kg5 38. Ke2 Kf4 39. Kf2 Nd3+ 40. Bxd3
cxd3 41. c4 bxc4 42. Nxc4 Bd5 43. Nd2 g5 44. g3+ Kg4 45. gxh4 gxh4 46. Nf1 Bb7
47. Nd2 Kh3 48. Kg1 Bd5 49. Nf1 Be6 50. Nd2 Kg4 51. Kf2 Kf4 52. Nf3 h3 53. Nd2
Bd5 54. Nf1 Bb3 55. Nd2 Ba2 56. Nf1 Bg8 57. Nd2 Be6 58. Nf1 Bf7 59. Nd2 Bg8 60.
Nf1 Bc4 61. Nd2 Bf7 62. Nf1 Bc4 63. Nd2 Bf7 64. Nf1 Bc4 1/2-1/2

[Event "4NCL Online Division 2"]
[Site "online"]
[Date "2020.04.21"]
[Round "3.134"]
[White "Parkhouse, Max"]
[Black "Lyons, Brendan"]
[Result "0-1"]
[WhiteElo "1832"]
[BlackElo "1941"]
[PlyCount "132"]
[EventDate "2020.04.21"]
[WhiteTeam "Chessable White Rose 2"]
[BlackTeam "St Benildus A"]

1. d4 d5 2. Bf4 Bf5 3. c4 e6 4. Nc3 Bd6 5. Bg3 Nf6 6. e3 O-O 7. Nf3 c6 8. Qb3
Bxg3 9. hxg3 Nbd7 10. Nh4 Be4 11. f3 dxc4 12. Bxc4 Bd5 13. Bxd5 exd5 14. g4 g6
15. Kf2 Nb6 16. Qc2 Re8 17. b3 Qe7 18. Rae1 c5 19. Qd2 Rac8 20. e4 cxd4 21.
Nxd5 Nbxd5 22. exd5 Qe3+ 23. Qxe3 dxe3+ 24. Kg3 Nxd5 25. f4 e2 26. Nf3 Rc2 27.
f5 Rxa2 28. Nd4 Rd2 29. Nxe2 Rexe2 30. Rxe2 Rxe2 31. Rd1 Nb4 32. f6 Re8 33. Rd7
Rb8 34. Kf4 Nc6 35. Ke4 Kf8 36. Kf4 Ke8 37. Rc7 h6 38. g5 h5 39. Ke4 Kf8 40.
Kd5 Nd8 41. Ke5 Ne6 42. Rd7 Nxg5 43. Kf4 Nh7 44. Ke5 Re8+ 45. Kf4 Rb8 46. Ke5
a5 47. Rc7 b5 48. Ra7 Re8+ 49. Kd4 a4 50. b4 Nxf6 51. Kc5 Rc8+ 52. Kxb5 Rc2 53.
Rxa4 Rxg2 54. Ka6 h4 55. b5 h3 56. b6 h2 57. Rh4 g5 58. Rh3 g4 59. Rh4 g3 60.
b7 Nd7 61. Kb5 Rg1 62. Kc6 h1=Q+ 63. Rxh1 Rxh1 64. Kxd7 Rb1 65. Kc8 g2 66. b8=Q
Rxb8+ 0-1

[Event "4NCL Online Division 2"]
[Site "online"]
[Date "2020.04.21"]
[Round "3.141"]
[White "Salmons, Calum"]
[Black "Burrows, Martin P"]
[Result "1/2-1/2"]
[WhiteElo "2065"]
[BlackElo "2125"]
[PlyCount "114"]
[EventDate "2020.04.21"]
[WhiteTeam "Sussex Starlings"]
[BlackTeam "Wigston 1"]

1. e4 e6 2. Nf3 d5 3. e5 c5 4. b4 c4 5. c3 a5 6. b5 Nd7 7. d3 cxd3 8. Bxd3 f6
9. Bf4 fxe5 10. Nxe5 Qf6 11. Nxd7 Bxd7 12. Bg3 Bc5 13. Qh5+ Qf7 14. Qxf7+ Kxf7
15. Nd2 Nf6 16. O-O Rhf8 17. Nf3 Kg8 18. c4 Nh5 19. Be5 Nf4 20. Rfd1 Nh3+ 21.
gxh3 Rxf3 22. Bg3 Raf8 23. Rd2 b6 24. Bf1 Kh8 25. a4 R3f5 26. cxd5 exd5 27.
Rad1 Be6 28. Bg2 d4 29. h4 Bb3 30. Rb1 Bd5 31. Bxd5 Rxd5 32. Rbd1 Rf3 33. Rd3
Rxd3 34. Rxd3 h5 35. Kg2 Rf5 36. f3 Kh7 37. Bf2 Rd5 38. Kg3 Kg6 39. Kf4 Rd7 40.
Ke4 Re7+ 41. Kd5 Rd7+ 42. Kc4 Kf5 43. Bxd4 Bxd4 44. Rxd4 Rc7+ 45. Kd5 Rd7+ 46.
Kc4 Rc7+ 47. Kd3 Rc1 48. Kd2 Ra1 49. Ke3 Ra3+ 50. Kf2 g6 51. Kg3 Ra1 52. Rf4+
Ke5 53. Re4+ Kf5 54. Rc4 Rg1+ 55. Kf2 Ra1 56. Kg3 Rg1+ 57. Kf2 Ra1 1/2-1/2

[Event "4NCL Online Division 2"]
[Site "online"]
[Date "2020.04.21"]
[Round "3.142"]
[White "Horspool, Philip J"]
[Black "Gray, Edward"]
[Result "1/2-1/2"]
[WhiteElo "2057"]
[BlackElo "2012"]
[PlyCount "48"]
[EventDate "2020.04.21"]
[WhiteTeam "Wigston 1"]
[BlackTeam "Sussex Starlings"]

1. e4 d6 2. Nc3 Nd7 3. d4 e5 4. Nf3 Ngf6 5. Bc4 h6 6. h3 Be7 7. Be3 c6 8. Bb3
Qc7 9. O-O b5 10. a3 a5 11. d5 Bb7 12. dxc6 Bxc6 13. Nd5 Bxd5 14. Bxd5 Nxd5 15.
Qxd5 Rb8 16. Rac1 Qb7 17. c4 bxc4 18. Qxa5 Qxe4 19. Nd2 Qa8 20. Qxa8 Rxa8 21.
Nxc4 d5 22. Nb6 Nxb6 23. Bxb6 O-O 24. Bc5 Bxc5 1/2-1/2

[Event "4NCL Online Division 2"]
[Site "online"]
[Date "2020.04.21"]
[Round "3.143"]
[White "Sutton, Daniel"]
[Black "Morley, Andrew J"]
[Result "1-0"]
[WhiteElo "2005"]
[BlackElo "2065"]
[PlyCount "119"]
[EventDate "2020.04.21"]
[WhiteTeam "Sussex Starlings"]
[BlackTeam "Wigston 1"]

1. e4 c5 2. c3 d5 3. exd5 Qxd5 4. d4 Nc6 5. Nf3 Bg4 6. Be2 cxd4 7. cxd4 e6 8.
h3 Bh5 9. O-O Nf6 10. Nc3 Qd7 11. Ne5 Bxe2 12. Nxd7 Bxd1 13. Nxf6+ gxf6 14.
Rxd1 O-O-O 15. Be3 Nb4 16. Rac1 Kb8 17. d5 Be7 18. dxe6 fxe6 19. a3 Nc6 20. Ne4
e5 21. Ng3 Rhe8 22. Nf5 Bf8 23. b4 Rxd1+ 24. Rxd1 Ne7 25. Nxe7 Bxe7 26. g4 Kc7
27. Rc1+ Kb8 28. Rd1 Kc7 29. Rc1+ Kb8 30. Kg2 Rd8 31. Rc3 b6 32. Kf3 Kb7 33.
Ke4 Rd6 34. f4 exf4 35. Bxf4 Rd7 36. Kf5 Bd8 37. Bg3 Rd1 38. Bh4 Bc7 39. Rf3 a5
40. Bxf6 axb4 41. axb4 Bd6 42. Rb3 b5 43. Kg5 Bf8 44. Kf5 Kc6 45. Rc3+ Kd5 46.
Rc7 Rf1+ 47. Kg5 Bxb4 48. Rxh7 Bd2+ 49. Kg6 Kc4 50. Rc7+ Kb3 51. h4 b4 52. h5
Bf4 53. Rc8 Be3 54. g5 Ka2 55. Ra8+ Kb3 56. h6 Kc2 57. Rc8+ Kd3 58. h7 Rxf6+
59. gxf6 b3 60. h8=Q 1-0

[Event "4NCL Online Division 2"]
[Site "online"]
[Date "2020.04.21"]
[Round "3.144"]
[White "Lv, Jason"]
[Black "Bennet-Stevens, Lucy"]
[Result "1-0"]
[WhiteElo "1907"]
[BlackElo "1975"]
[PlyCount "63"]
[EventDate "2020.04.21"]
[WhiteTeam "Wigston 1"]
[BlackTeam "Sussex Starlings"]

1. d4 d5 2. c4 e6 3. Nc3 Nf6 4. Bg5 Be7 5. Nf3 O-O 6. e3 c6 7. Rc1 Nbd7 8. Bd3
Re8 9. O-O Nf8 10. Ne5 Ng6 11. f4 dxc4 12. Nxc4 Nd5 13. Bxe7 Qxe7 14. Qd2 c5
15. f5 Nf8 16. e4 cxd4 17. Nxd5 exd5 18. exd5 b5 19. Rfe1 Qd8 20. Rxe8 Qxe8 21.
Nd6 Qd7 22. Qf4 a6 23. Qg3 Bb7 24. f6 Ng6 25. Bf5 Qd8 26. Nxb7 Qxf6 27. Bxg6
hxg6 28. d6 Qe6 29. Qh3 Qd5 30. Rc8+ Rxc8 31. Qxc8+ Kh7 32. Qh3+ 1-0

[Event "4NCL Online Division 2"]
[Site "online"]
[Date "2020.04.21"]
[Round "3.151"]
[White "Lock, Gavin R"]
[Black "Cont, Arya"]
[Result "0-1"]
[WhiteElo "2107"]
[BlackElo "2147"]
[PlyCount "150"]
[EventDate "2020.04.21"]
[WhiteTeam "Wessex Some Stars A"]
[BlackTeam "Oxford 2"]

1. d4 d5 2. Nf3 Nf6 3. g3 c5 4. Bg2 Nc6 5. O-O e6 6. c4 Be7 7. cxd5 exd5 8.
dxc5 Bxc5 9. a3 Be6 10. b4 Be7 11. Nc3 Ne4 12. Nxe4 dxe4 13. Qxd8+ Rxd8 14. Ng5
Bxg5 15. Bxg5 f6 16. Be3 f5 17. Rfd1 Kf7 18. g4 fxg4 19. Bxe4 Bc4 20. Kf1 a6
21. Bb6 Rxd1+ 22. Rxd1 Re8 23. Bd5+ Bxd5 24. Rxd5 g6 25. b5 axb5 26. Rxb5 Re5
27. Rb3 h5 28. Be3 Na5 29. Rb4 Re7 30. Rf4+ Ke6 31. Kg2 Nc6 32. h3 gxh3+ 33.
Kxh3 Rf7 34. Re4+ Kd5 35. Re8 Ne5 36. f3 Nc4 37. Bc1 b5 38. e4+ Kd4 39. Kg3 h4+
40. Kxh4 Rxf3 41. e5 Kd5 42. e6 Nd6 43. Rg8 Rf1 44. Bd2 Rg1 45. e7 Nf5+ 46. Kh3
Nxe7 47. Rb8 Kc4 48. Rb6 Nf5 49. Bb4 Nd4 50. Rf6 g5 51. Kh2 Rg4 52. Kh3 Rg1 53.
Kh2 Rg4 54. Kh3 Re4 55. Rf8 Nc2 56. Rc8+ Kb3 57. Rc5 g4+ 58. Kg3 Nd4 59. Rg5
Ne2+ 60. Kf2 Ka4 61. Bd6 Nc1 62. Kg3 Ne2+ 63. Kf2 Nc3 64. Kg3 Re6 65. Rxg4+
Ne4+ 66. Kf3 Rxd6 67. Rxe4+ Kxa3 68. Ke2 b4 69. Re8 Kb2 70. Rb8 b3 71. Rb7 Kc2
72. Rc7+ Kb1 73. Rb7 b2 74. Rb8 Ra6 75. Kd2 Ka2 0-1

[Event "4NCL Online Division 2"]
[Site "online"]
[Date "2020.04.21"]
[Round "3.152"]
[White "Wilson, Edgar"]
[Black "Lukosius, Rolandas"]
[Result "0-1"]
[WhiteElo "2012"]
[BlackElo "2094"]
[PlyCount "182"]
[EventDate "2020.04.21"]
[WhiteTeam "Oxford 2"]
[BlackTeam "Wessex Some Stars A"]

1. e4 c5 2. Nf3 Nc6 3. d4 cxd4 4. Nxd4 Nf6 5. Nc3 e5 6. Ndb5 d6 7. Bg5 a6 8.
Na3 b5 9. Nd5 Be7 10. Bxf6 Bxf6 11. c3 O-O 12. Be2 Bg5 13. Nc2 Rb8 14. O-O Be6
15. Nce3 Bxe3 16. Nxe3 g6 17. Qd2 Ne7 18. Rfd1 Rb6 19. c4 Qb8 20. b3 f5 21. Bf3
f4 22. Nd5 Bxd5 23. cxd5 h5 24. Rac1 Rc8 25. Rc2 Rb7 26. Rdc1 Rbc7 27. h3 Qb6
28. Be2 Kg7 29. Rxc7 Rxc7 30. Rc2 Nc8 31. Qc1 Rxc2 32. Qxc2 Qc5 33. Qxc5 dxc5
34. a4 Nd6 35. f3 g5 36. Kf2 g4 37. hxg4 hxg4 38. fxg4 Nxe4+ 39. Ke1 Nc3 40.
axb5 axb5 41. d6 Kf7 42. g5 Ne4 43. d7 Ke7 44. Bxb5 Nxg5 45. Ke2 Nh7 46. Kd3
Nf6 47. Bc6 Nxd7 48. Bf3 Kd6 49. Kc4 Nb6+ 50. Kc3 Nd5+ 51. Kc4 Ne3+ 52. Kd3 Nf5
53. Kc4 Ng7 54. b4 cxb4 55. Kxb4 Ne6 56. Kc4 Ng5 57. Bb7 Ke6 58. Kd3 Kf5 59.
Bc8+ Ne6 60. Bd7 Kf6 61. Bc8 Nc5+ 62. Kc4 Ne4 63. Kd3 Ng3 64. Bb7 Nf5 65. Bf3
Nd6 66. Bc6 Ke6 67. Bf3 Kf5 68. Bc6 e4+ 69. Ke2 Ke5 70. Ba4 Nf5 71. Bd1 Kd4 72.
Ba4 Kc3 73. Be8 Ng3+ 74. Ke1 Kd3 75. Bb5+ Ke3 76. Bc6 Nf5 77. Bb7 Nh4 78. Kf1
Kd3 79. Ba6+ Kd2 80. Bb7 e3 81. Ba6 Nxg2 82. Bb5 Ne1 83. Ba6 Nd3 84. Kg1 f3 85.
Bb5 e2 86. Bxd3 e1=Q+ 87. Bf1 Qe3+ 88. Kh2 Qf2+ 89. Kh3 Qxf1+ 90. Kh4 Qg2 91.
Kh5 f2 0-1

[Event "4NCL Online Division 2"]
[Site "online"]
[Date "2020.04.21"]
[Round "3.153"]
[White "Pye, David E"]
[Black "Hayward, Philip"]
[Result "1-0"]
[WhiteElo "2055"]
[BlackElo "2080"]
[PlyCount "105"]
[EventDate "2020.04.21"]
[WhiteTeam "Wessex Some Stars A"]
[BlackTeam "Oxford 2"]

1. d4 f5 2. Nc3 Nf6 3. Bg5 d5 4. Bxf6 exf6 5. e3 Be6 6. Bd3 Nc6 7. Nge2 g6 8.
h4 h5 9. Nf4 Bf7 10. Qf3 Ne7 11. g3 Qd7 12. O-O-O O-O-O 13. Kb1 Kb8 14. Rc1 Nc8
15. Nce2 Nb6 16. c3 c6 17. Rhd1 Bh6 18. Bc2 Nc8 19. Nd3 Nd6 20. Nc5 Qc8 21. Bd3
Rhe8 22. Ka1 Bf8 23. Qh1 Ne4 24. Bxe4 fxe4 25. b4 Qg4 26. Rd2 g5 27. Rb1 b6 28.
Na4 Be6 29. Qh2 Bd6 30. Rh1 Rh8 31. Rb2 Bc8 32. Nc1 Qd7 33. Nc5 Qc7 34. Qg2 Ka8
35. N5b3 Bg4 36. Nd2 c5 37. bxc5 bxc5 38. Nxe4 Rb8 39. Nxd6 Qxd6 40. Nd3 Rxb2
41. Kxb2 Rb8+ 42. Ka1 c4 43. Nc5 a5 44. f3 Bd7 45. Rb1 Rxb1+ 46. Kxb1 g4 47.
Qb2 Bc6 48. f4 Ka7 49. Qa3 Qc7 50. Ka1 Be8 51. Ne6 Qc6 52. Qxa5+ Kb7 53. Nd8+
1-0

[Event "4NCL Online Division 2"]
[Site "online"]
[Date "2020.04.21"]
[Round "3.154"]
[White "Terry, Sean"]
[Black "Pleasants, Allan J"]
[Result "0-1"]
[WhiteElo "1931"]
[BlackElo "2001"]
[PlyCount "112"]
[EventDate "2020.04.21"]
[WhiteTeam "Oxford 2"]
[BlackTeam "Wessex Some Stars A"]

1. e4 d6 2. d4 g6 3. Nc3 Bg7 4. Nf3 Nf6 5. h3 O-O 6. Be3 c6 7. Qd2 Nbd7 8.
O-O-O b5 9. e5 Ne8 10. Bh6 Qc7 11. Bxg7 Nxg7 12. d5 b4 13. Ne4 Nxe5 14. Nxe5
dxe5 15. Qxb4 cxd5 16. Rxd5 Rb8 17. Qc3 Qxc3 18. Nxc3 f6 19. Ra5 Rb7 20. Ba6
Rd7 21. Bc4+ Kh8 22. Rd1 Rfd8 23. Rxa7 Rxd1+ 24. Nxd1 Nf5 25. Ra8 Kg7 26. Be6
Nd4 27. c3 Nxe6 28. a4 Bb7 29. Ra7 Rb8 30. b4 Nf4 31. a5 Kf7 32. g3 Nxh3 33. c4
Ng1 34. a6 Bxa6 35. Rxa6 Rxb4 36. Ne3 Ne2+ 37. Kd2 Rb2+ 38. Kd1 Nd4 39. Nd5
Rxf2 40. Ra7 Ke6 41. Rxe7+ Kf5 42. Rf7 Ke4 43. Rxf6 Rg2 44. Rf7 Kd3 45. Ke1
Rxg3 46. Rxh7 Kxc4 47. Nf6 Kd3 48. Nd5 e4 49. Nf4+ Ke3 50. Nd5+ Kd3 51. Nf4+
Kc4 52. Rc7+ Kb5 53. Rb7+ Kc6 54. Rg7 g5 55. Ng6 e3 56. Ne5+ Kd5 0-1

[Event "4NCL Online Division 2"]
[Site "online"]
[Date "2020.04.21"]
[Round "3.161"]
[White "De Verdier, Michael"]
[Black "Savory, Richard J"]
[Result "1-0"]
[WhiteElo "2302"]
[BlackElo "2132"]
[PlyCount "73"]
[EventDate "2020.04.21"]
[WhiteTeam "Wood Green Youth"]
[BlackTeam "Downend 1"]

1. c4 c5 2. g3 Nf6 3. Bg2 g6 4. Nc3 Bg7 5. e4 Nc6 6. Nge2 e5 7. d3 d6 8. O-O
O-O 9. h3 h6 10. f4 Nh7 11. f5 g5 12. Nd5 Bd7 13. Nec3 Rb8 14. Nb5 Be8 15. Nbc7
Bd7 16. Qh5 Nb4 17. f6 Nxf6 18. Nxf6+ Bxf6 19. Qxh6 Be7 20. Nd5 Nxd5 21. exd5
f5 22. Qg6+ Kh8 23. Qh6+ Kg8 24. g4 fxg4 25. Bxg5 Bxg5 26. Qg6+ Kh8 27. Be4 Qe7
28. hxg4 Qg7 29. Qxd6 Be3+ 30. Kh2 Bf4+ 31. Rxf4 exf4 32. Rh1 Qxg4 33. Qe5+ Kg8
34. Rg1 Qxg1+ 35. Kxg1 Rbe8 36. Qg5+ Kf7 37. Bg6+ 1-0

[Event "4NCL Online Division 2"]
[Site "online"]
[Date "2020.04.21"]
[Round "3.162"]
[White "Meadows, Michael"]
[Black "Guha, Chirag"]
[Result "0-1"]
[WhiteElo "2012"]
[BlackElo "1807"]
[PlyCount "78"]
[EventDate "2020.04.21"]
[WhiteTeam "Downend 1"]
[BlackTeam "Wood Green Youth"]

1. d4 d5 2. Nc3 Nf6 3. Bg5 Nbd7 4. f3 h6 5. Bh4 c6 6. e4 dxe4 7. fxe4 Qb6 8.
Bc4 e5 9. Nge2 exd4 10. Nxd4 Qxb2 11. Nde2 Bb4 12. O-O Bxc3 13. Rb1 Qa3 14.
Bxf7+ Kxf7 15. Rb3 Qc5+ 16. Bf2 Qe7 17. Rxc3 Rd8 18. Rd3 Re8 19. Ng3 Ne5 20.
Rd2 Bg4 21. Qa1 Kg8 22. Bd4 Rad8 23. h3 c5 24. Bxe5 Rxd2 25. Bxf6 Qd6 26. Qc3
gxf6 27. hxg4 Qd4+ 28. Qxd4 cxd4 29. Nh5 Rc8 30. Nxf6+ Kh8 31. Nd5 Rcxc2 32.
Rf7 Rxg2+ 33. Kf1 Rh2 34. Kg1 Rcg2+ 35. Kf1 Rxa2 36. Kg1 Rhb2 37. e5 Rb1+ 38.
Rf1 Rxf1+ 39. Kxf1 Ra5 0-1

[Event "4NCL Online Division 2"]
[Site "online"]
[Date "2020.04.21"]
[Round "3.163"]
[White "Woodhouse, Stephen V"]
[Black "Conterno, Dominique"]
[Result "1/2-1/2"]
[WhiteElo "1862"]
[BlackElo "1907"]
[PlyCount "66"]
[EventDate "2020.04.21"]
[WhiteTeam "Wood Green Youth"]
[BlackTeam "Downend 1"]

1. e4 d6 2. d4 Nf6 3. Nc3 g6 4. Nf3 Bg7 5. h3 O-O 6. Be2 e5 7. Be3 Nbd7 8. O-O
Re8 9. dxe5 dxe5 10. Qd2 c6 11. Rad1 Qc7 12. Qd6 Qxd6 13. Rxd6 Bf8 14. Rd3 Nc5
15. Bxc5 Bxc5 16. Rfd1 Bb6 17. Nh2 h5 18. Kf1 Kg7 19. Nf3 Bc7 20. Nd2 Be6 21.
Nb3 Rad8 22. Nc5 Bc8 23. f3 Rxd3 24. Rxd3 Rd8 25. Rxd8 Bxd8 26. Bc4 Nd7 27.
Nxd7 Bxd7 28. Ke2 Bb6 29. Na4 Bg1 30. Kf1 Be3 31. Ke2 Bg1 32. Kf1 Be3 33. Ke2
Bg1 1/2-1/2

[Event "4NCL Online Division 2"]
[Site "online"]
[Date "2020.04.21"]
[Round "3.164"]
[White "Williams, Stephen M"]
[Black "Lazarevic, Ljubica"]
[Result "0-1"]
[WhiteElo "1892"]
[BlackElo "1667"]
[PlyCount "126"]
[EventDate "2020.04.21"]
[WhiteTeam "Downend 1"]
[BlackTeam "Wood Green Youth"]

1. d4 d5 2. Nf3 Bf5 3. Nh4 Bg6 4. Nxg6 hxg6 5. Bf4 Nf6 6. c3 e6 7. e3 Nh5 8.
Qb3 Nxf4 9. exf4 Qc8 10. Nd2 Nd7 11. Nf3 c5 12. Bb5 c4 13. Qa4 a6 14. Bxd7+
Qxd7 15. Qxd7+ Kxd7 16. Ne5+ Ke8 17. h4 Rh6 18. g4 Bd6 19. O-O-O Ke7 20. b3
cxb3 21. axb3 Rah8 22. h5 gxh5 23. g5 R6h7 24. g6 Bxe5 25. gxh7 Bxf4+ 26. Kc2
Rxh7 27. c4 Kd6 28. Rd3 g5 29. Rdh3 h4 30. c5+ Ke7 31. b4 f5 32. b5 axb5 33.
Rb3 g4 34. Rxb5 Kd8 35. Ra1 Rc7 36. Ra8+ Rc8 37. Ra7 g3 38. fxg3 hxg3 39. Rbxb7
Rc7 40. Ra8+ Ke7 41. c6 Kd6 42. Kd3 Kxc6 43. Rb2 Kd7 44. Re2 Bd6 45. Rg8 f4 46.
Rg7+ Kd8 47. Rg8+ Ke7 48. Rg6 Bb4 49. Rexe6+ Kd8 50. Ref6 Rc3+ 51. Ke2 Re3+ 52.
Kf1 Rf3+ 53. Kg2 Rf2+ 54. Kh3 Rh2+ 55. Kg4 Bd2 56. Ra6 g2 57. Rg8+ Ke7 58. Ra7+
Kf6 59. Rf8+ Ke6 60. Re8+ Kd6 61. Rd8+ Kc6 62. Ra1 Rh1 63. Rc8+ Kd7 0-1

[Event "4NCL Online Division 2"]
[Site "online"]
[Date "2020.04.28"]
[Round "4.11"]
[White "White, Russell P"]
[Black "Fraser-Mitchell, Jeremy N"]
[Result "1/2-1/2"]
[WhiteElo "2117"]
[BlackElo "2058"]
[PlyCount "152"]
[EventDate "2020.04.28"]
[WhiteTeam "Anglian Avengers 2"]
[BlackTeam "St Albans 1"]

1. e4 Nc6 2. d4 d5 3. e5 f6 4. f4 Nh6 5. Be2 Bf5 6. Nf3 e6 7. c3 Be7 8. Nbd2
O-O 9. O-O fxe5 10. Nxe5 Nxe5 11. dxe5 c5 12. Nb3 Be4 13. Bf3 Bxf3 14. Qxf3 b6
15. Be3 Qd7 16. Qh3 Rae8 17. Rad1 Nf5 18. Nc1 Qa4 19. g4 Nxe3 20. Qxe3 Rd8 21.
b3 Qe8 22. Kh1 Qg6 23. Qe2 Rd7 24. Qg2 Rfd8 25. Rd2 Qf7 26. f5 Bg5 27. Rdf2 Be3
28. Rf3 d4 29. cxd4 Bxd4 30. Nd3 exf5 31. gxf5 Qd5 32. e6 Re7 33. Qg4 Bf6 34.
Nf4 Qe4 35. Rg1 Bd4 36. Ng6 Qxg4 37. Nxe7+ Kf8 38. Rxg4 Kxe7 39. Rd3 Rf8 40.
Rf3 g6 41. Rh4 gxf5 42. Rxh7+ Kxe6 43. Rxa7 f4 44. h4 Kf5 45. Rb7 Kg4 46. Rf1
Kxh4 47. Rxb6 f3 48. Rh6+ Kg5 49. Rh3 Kg4 50. Rh6 Rf5 51. a4 Rf7 52. Rd1 Kg5
53. Rh2 f2 54. Kg2 Rf4 55. Kf1 Kf5 56. a5 Ke4 57. a6 Rf7 58. Ke2 Kd5 59. Rh6
Re7+ 60. Kf1 Rg7 61. Rxd4+ Kxd4 62. Kxf2 Re7 63. Rb6 Ra7 64. Ke2 Rh7 65. Rb7
Rh2+ 66. Kf3 Ra2 67. a7 Kd5 68. Rh7 Kc6 69. Ke4 Kb6 70. Kd5 Rd2+ 71. Kc4 Rc2+
72. Kd3 Ra2 73. Kc4 Rc2+ 74. Kd5 Rd2+ 75. Ke6 Ra2 76. Kd5 Rd2+ 1/2-1/2

[Event "4NCL Online Division 2"]
[Site "online"]
[Date "2020.04.28"]
[Round "4.12"]
[White "Gooding, Ian"]
[Black "Bui, Kyan"]
[Result "0-1"]
[WhiteElo "2080"]
[BlackElo "2057"]
[PlyCount "96"]
[EventDate "2020.04.28"]
[WhiteTeam "St Albans 1"]
[BlackTeam "Anglian Avengers 2"]

1. e4 e5 2. Nf3 Nf6 3. Nc3 Nc6 4. Bb5 Bc5 5. O-O O-O 6. Nxe5 Nxe5 7. d4 Bd6 8.
f4 Nc6 9. e5 Bb4 10. d5 Bxc3 11. bxc3 Qe7 12. exf6 Qc5+ 13. Kh1 Qxb5 14. dxc6
dxc6 15. a4 Qd5 16. fxg7 Re8 17. Ba3 Bf5 18. Rf2 Rad8 19. Qxd5 Rxd5 20. h3 Kxg7
21. c4 Rd7 22. Bb2+ f6 23. g4 Be6 24. g5 Bxc4 25. gxf6+ Kf7 26. Rg1 Rg8 27.
Rg7+ Rxg7 28. fxg7 Rd1+ 29. Kh2 a5 30. f5 b5 31. Bc3 bxa4 32. Rd2 Rxd2+ 33.
Bxd2 Kxg7 34. Bxa5 Kf6 35. Bxc7 a3 36. Ba5 Kxf5 37. Bc3 Ke4 38. Kg3 Ke3 39. Kg4
Be6+ 40. Kg5 Bxh3 41. Kh6 Bf5 42. Kg5 Bxc2 43. Kf6 Kd3 44. Ba1 h5 45. Kg5 Bd1
46. Kf4 c5 47. Kg3 c4 48. Kf2 c3 0-1